[Event "Mem. V. Mencikove"]
[Site "Prague"]
[Date "2016.09.18"]
[Round "9.4"]
[White "Rous, Daniel"]
[Black "Cernousek, Lukas"]
[Result "1-0"]
[WhiteElo "2150"]
[BlackElo "2494"]
[PlyCount "75"]
[EventDate "2016.09.18"]
[EventType "swiss (rapid)"]
[EventRounds "9"]
[EventCountry "CZE"]

1. Nf3 c5 2. c4 g6 3. g3 Bg7 4. Bg2 Nc6 5. Nc3 e6 6. O-O Nge7 7. e3 d5 8. cxd5
Nxd5 9. Nxd5 exd5 10. d4 c4 11. b3 b5 12. a4 Ba6 13. axb5 Bxb5 14. bxc4 Bxc4
15. Qa4 Qd7 16. Bh3 f5 17. Re1 O-O 18. Nd2 Rfb8 19. Ba3 Bb5 20. Qd1 Na5 21. Bc5
Nc4 22. Nxc4 Bxc4 23. Ra5 Bf8 24. Bxf8 Kxf8 25. Bf1 Bxf1 26. Rxf1 Rb2 27. Qc1
Qb7 28. Qc5+ Kg7 29. Kg2 Kh6 30. Rfa1 Rc8 31. Qd6 Rcc2 32. Qf4+ g5 33. Ra6+ Rb6
34. Rxb6+ Qxb6 35. Qxf5 Rc4 36. h4 gxh4 37. Rh1 Kg7 38. Rxh4 1-0

[Event "Mem. V. Mencikove"]
[Site "Prague"]
[Date "2016.09.18"]
[Round "9.5"]
[White "Pulpan, Jakub"]
[Black "Richtrova, Eliska"]
[Result "1-0"]
[WhiteElo "2411"]
[BlackElo "2224"]
[PlyCount "93"]
[EventDate "2016.09.18"]
[EventType "swiss (rapid)"]
[EventRounds "9"]
[EventCountry "CZE"]

1. e4 d6 2. d4 Nf6 3. Nc3 g6 4. f4 Bg7 5. Nf3 O-O 6. Bd3 Na6 7. e5 Nd7 8. O-O
c5 9. exd6 cxd4 10. dxe7 Qxe7 11. Ne4 Nac5 12. Re1 Nf6 13. Nxc5 Qxc5 14. Nd2
Bg4 15. Nf3 Rfe8 16. Bd2 Nd5 17. h3 Rxe1+ 18. Bxe1 Be6 19. Bd2 Ne3 20. Qe2 Bd5
21. Re1 Re8 22. a3 Bc6 23. Qf2 Qb6 24. b4 h5 25. Bc1 a5 26. Bd2 axb4 27. axb4
Bb5 28. c4 Bc6 29. c5 Qd8 30. b5 Bxf3 31. Qxf3 Qd7 32. c6 bxc6 33. bxc6 Qd6 34.
f5 Rc8 35. fxg6 fxg6 36. Rc1 Be5 37. Kh1 Rf8 38. Qe2 Bf4 39. Be4 Qe5 40. Qd3
Qg5 41. Be1 Bc7 42. Qe2 Qf4 43. g3 Qxe4+ 44. Kh2 h4 45. Qa2+ Rf7 46. Rb1 hxg3+
47. Kg1 1-0

[Event "Mem. V. Mencikove"]
[Site "Prague"]
[Date "2016.09.18"]
[Round "9.6"]
[White "Hosticka, Frantisek"]
[Black "Studnicka, Tomas"]
[Result "0-1"]
[WhiteElo "2091"]
[BlackElo "2392"]
[PlyCount "83"]
[EventDate "2016.09.18"]
[EventType "swiss (rapid)"]
[EventRounds "9"]
[EventCountry "CZE"]

1. e4 c5 2. Nf3 g6 3. Bc4 Bg7 4. O-O Nc6 5. c3 Nf6 6. Qe2 e5 7. Rd1 d6 8. h3
O-O 9. d4 Qe7 10. dxc5 dxc5 11. Nbd2 Nh5 12. Nf1 Nf4 13. Bxf4 exf4 14. Bd5 Be6
15. Qd2 Qc7 16. Bxe6 fxe6 17. Qd7 Qxd7 18. Rxd7 Rf7 19. Rad1 Re8 20. Rxf7 Kxf7
21. Ng5+ Ke7 22. Nxh7 Bh6 23. h4 Rh8 24. Ng5 Bxg5 25. hxg5 Rh5 26. Nh2 Ne5 27.
b4 c4 28. a4 Rxg5 29. f3 Nd3 30. Ng4 a5 31. Nf2 Ne5 32. Kf1 axb4 33. cxb4 Rh5
34. Rd4 g5 35. Ng4 Rh1+ 36. Ke2 Nxg4 37. fxg4 Ra1 38. a5 Ra2+ 39. Kf1 c3 40.
Rc4 c2 41. Ke1 Kd6 42. Kd2 0-1

[Event "Mem. V. Mencikove"]
[Site "Prague"]
[Date "2016.09.18"]
[Round "9.7"]
[White "Hausner, Ivan"]
[Black "Matras, Ondrej"]
[Result "1-0"]
[WhiteElo "2360"]
[BlackElo "2188"]
[PlyCount "73"]
[EventDate "2016.09.18"]
[EventType "swiss (rapid)"]
[EventRounds "9"]
[EventCountry "CZE"]

1. d4 Nf6 2. c4 g6 3. Nc3 Bg7 4. e4 d6 5. f4 O-O 6. Nf3 c5 7. d5 a6 8. a4 e5 9.
fxe5 Ng4 10. Bf4 dxe5 11. Bd2 f5 12. h3 fxe4 13. Nxe4 Nf6 14. Bd3 Nxe4 15. Bxe4
Nd7 16. O-O Nf6 17. Bc2 Nh5 18. Ng5 Nf4 19. Ne4 Qh4 20. Ra3 Bf5 21. Qe1 Qh6 22.
Be3 Bxe4 23. Bxe4 Bf6 24. Kh2 Bg5 25. Bc1 Nh5 26. Bf3 Bf4+ 27. Kg1 Qg5 28. Bxh5
Qxh5 29. Bxf4 exf4 30. Qe6+ Kh8 31. Raf3 Rae8 32. Qd6 g5 33. Qxc5 Qg6 34. Rb3
Qc2 35. Rxb7 Qd2 36. Qc7 Qe3+ 37. Kh1 1-0

[Event "Mem. V. Mencikove"]
[Site "Prague"]
[Date "2016.09.18"]
[Round "9.8"]
[White "Suran, Jan"]
[Black "Miturova, Magdalena"]
[Result "1/2-1/2"]
[WhiteElo "2350"]
[BlackElo "2109"]
[PlyCount "110"]
[EventDate "2016.09.18"]
[EventType "swiss (rapid)"]
[EventRounds "9"]
[EventCountry "CZE"]

1. e4 e5 2. Nf3 Nc6 3. Bb5 a6 4. Ba4 Nf6 5. O-O Be7 6. Re1 b5 7. Bb3 d6 8. c3
O-O 9. d4 Bg4 10. Be3 exd4 11. cxd4 Na5 12. Bc2 c5 13. h3 Bh5 14. Nbd2 cxd4 15.
Bxd4 Nc6 16. Be3 d5 17. exd5 Nxd5 18. Qb1 Bg6 19. Bxg6 hxg6 20. Ne4 Nxe3 21.
Rxe3 Rc8 22. a3 Nd4 23. Nxd4 Qxd4 24. Nc3 Bc5 25. Qe1 Qd7 26. Rd1 Qc6 27. Nd5
Rfe8 28. Re2 Rxe2 29. Qxe2 Re8 30. Qf3 Qa8 31. g3 Qa7 32. Kg2 Bd4 33. Rd2 Bc5
34. h4 Re5 35. Nf4 Bb6 36. Qc6 Qc7 37. Qxc7 Bxc7 38. Rd7 Rc5 39. b4 Rc2 40. Nd5
Be5 41. Kf3 Ra2 42. Ke4 Re2+ 43. Kf3 Ra2 44. Ke4 Re2+ 45. Kf3 Ra2 46. Ke4 Re2+
47. Kf3 Ra2 48. Ke4 Re2+ 49. Kf3 Ra2 50. Ke4 Re2+ 51. Ne3 Bb2 52. Rd3 Rxf2 53.
Nd1 Re2+ 54. Ne3 Rf2 55. Nd1 Re2+ 1/2-1/2

[Event "Mem. V. Mencikove"]
[Site "Prague"]
[Date "2016.09.18"]
[Round "9.9"]
[White "Kourousis, Epaminondas"]
[Black "Jedlicka, Ales"]
[Result "1-0"]
[WhiteElo "2458"]
[BlackElo "2221"]
[PlyCount "63"]
[EventDate "2016.09.18"]
[EventType "swiss (rapid)"]
[EventRounds "9"]
[EventCountry "CZE"]

1. d4 Nf6 2. Nc3 d5 3. Bf4 c6 4. e3 Bf5 5. f3 e6 6. g4 Bg6 7. h4 h6 8. Bd3 Bxd3
9. Qxd3 Bd6 10. Nge2 Bxf4 11. exf4 Qd6 12. Qe3 Nbd7 13. Nc1 c5 14. Nd3 cxd4 15.
Qxd4 Qb6 16. Qxb6 Nxb6 17. Nb5 Ke7 18. O-O-O Rhd8 19. Nd4 Rac8 20. b3 Nbd7 21.
f5 e5 22. Rhe1 e4 23. g5 hxg5 24. hxg5 Kf8 25. Nf4 Nh7 26. Rh1 Nxg5 27. Nxd5
Nf6 28. Nxf6 gxf6 29. f4 Nf3 30. Nxf3 Rxd1+ 31. Kxd1 Rd8+ 32. Nd2 1-0